| 000 | 01013nam a2200217Ia 4500 | ||
|---|---|---|---|
| 003 | Ost | ||
| 005 | 20260507075028.0 | ||
| 008 | 260507s9999||||xx |||||||||||||| ||und|| | ||
| 040 | _cfsecg | ||
| 041 | _aara | ||
| 082 | _a330 | ||
| 100 |
_aكوتلر، فيليب _eمؤلف |
||
| 245 | 0 |
_aالتسويق : _bأساليب التسويق الرئيسية / _c فيليب كوتلر |
|
| 260 |
_aدمشق: _bمنشورات دار علاء الدين, _c2002 |
||
| 300 |
_a309 صفحة؛ _bإيضاحات ؛ _c24 سم |
||
| 520 | _a-تجربة واختيارالأسواق المستهدفة،إحداث المواقع للسلع،العلاقات المتبادلة مع المستهلكين القيمة الاستهلاكية ومستوى الجودة والخدمة وتلبية حاجات المستهلكين،خلق المزايا التنافسية | ||
| 653 | _aالاستهلاك | ||
| 653 | _aالتسويق | ||
| 700 |
_aسوندرز، جون وأخرون _eمؤلف ثانوي |
||
| 942 | _cكتاب | ||
| 999 |
_c42356 _d42356 |
||